Natural gas odorization and natural gas quality & energy measurement /

Guardado en:
Autor Corporativo: International Conference & Exposition on Natural Gas Odorization, and Natural Gas Quality & Energy Measurement Regal Knickerbocker Hotel, Chicago)
Formato: Libro
Idioma:English
Publicado: Des Plaines, IL : IGT, 1999.
Materias:
Etiquetas: Agregar Etiqueta
Sin Etiquetas, Sea el primero en etiquetar este registro!
LEADER 00834nam a22001935a 4500
001 EIQ.libpla003533
008 080211s1999####iluao#########100#0#eng#d
005 20080211171330.0
245 1 0 |a Natural gas odorization and natural gas quality & energy measurement /  |c Institute of Gas Technology. 
260 |a Des Plaines, IL :  |b IGT,  |c 1999. 
300 |a 1v. (en varias paginaciones) :  |b il., fotos ;  |c 28 cm. 
020 |a 1582221294 
111 2 |a International Conference & Exposition on Natural Gas Odorization, and Natural Gas Quality & Energy Measurement  |d (1999 :  |c Regal Knickerbocker Hotel, Chicago) 
650 4 |a Gas natural  |x Congresos. 
650 4 |a Odorización  |x Congresos. 
650 4 |a Natural gas  |x Congresses. 
650 4 |a Odorization.  |x Congresses. 
040 |a AR-BbSID  |b spa  |c AR-BbSID 
859 |a AR-BbSID  |b BIB. PLAPIQUI  |h 665.73  |i In 8  |p 5380